00657nam a2200181 a 45000010005000000030005000050050017000100080041000270200015000680400020000831110061001032450164001642600058003283000011003866500030003977000023004277000025004501588CDMR20131128121401.0130130s1985||||||||||||||||||||||||||||d a847488120X aCDMRbcatcCDMR2 aJornades sobre Meso-comunicació a Catalunyad1985n1es10aI Jornades sobre meso-comunicació a Catalunyab: Sant Cugat del Vallès 2, 3, i 4 de març de 1985c[revisió general per Daniel E. Jones i Joan Corbella] aBellaterrac1985bUniversitat Autònoma de Barcelona a275 p.04aComunicacióxCongressos1 aJones, Daniel Evan1 aCorbella, Joan Maria